Guty Cárdenas : (Record no. 22153)

MARC details
000 -CABECERA
campo de control de longitud fija 00948nam a22002897a 4500
003 - IDENTIFICADOR DEL NÚMERO DE CONTROL
campo de control OSt
005 - FECHA Y HORA DE LA ÚLTIMA TRANSACCIÓN
campo de control 20260601193859.0
008 - DATOS DE LONGITUD FIJA--INFORMACIÓN GENERAL
campo de control de longitud fija 260505b2006 mx ||||| |||| 00| 0 spa d
020 ## - NÚMERO INTERNACIONAL ESTÁNDAR DEL LIBRO
Número Internacional Estándar del Libro 9687871369
040 ## - FUENTE DE LA CATALOGACIÓN
Centro catalogador/agencia de origen ICI
Lengua de catalogación spa
Centro/agencia transcriptor ICI
041 ## - CÓDIGO DE LENGUA
Código de lengua del texto/banda sonora o título independiente spa
050 ## - SIGNATURA TOPOGRÁFICA DE LA BIBLIOTECA DEL CONGRESO
Número de clasificación ML420.C2546
Número de documento/Ítem G87 2006
245 #0 - MENCIÓN DE TÍTULO
Título Guty Cárdenas :
Resto del título cancionero /
Mención de responsabilidad, etc. coordinación Alvaro Vega ; edición Enrique Martin
246 #3 - FORMA VARIANTE DE TÍTULO
Título propio/Titulo breve Cancionero
250 ## - MENCIÓN DE EDICIÓN
Mención de edición Primera edición
300 ## - DESCRIPCIÓN FÍSICA
Extensión 226 páginas
Otras características físicas ilustraciones +
Material acompañante/anejo 1 disco óptico (CD-ROM)
490 #0 - MENCIÓN DE SERIE
Mención de serie Serie cancioneros ;
Designación de volumen o secuencia 2
600 #1 - PUNTO DE ACCESO ADICIONAL DE MATERIA--NOMBRE DE PERSONA
Nombre de persona Cárdenas, Guty,
Fechas asociadas al nombre 1905-1932
9 (RLIN) 33472
650 #4 - PUNTO DE ACCESO ADICIONAL DE MATERIA--TÉRMINO DE MATERIA
Término de materia o nombre geográfico como elemento de entrada Música popular
Subdivisión general Historia
Subdivisión geográfica Yucatán
9 (RLIN) 33473
650 #4 - PUNTO DE ACCESO ADICIONAL DE MATERIA--TÉRMINO DE MATERIA
Término de materia o nombre geográfico como elemento de entrada Canciones en español
Subdivisión geográfica Yucatán
9 (RLIN) 33474
650 #4 - PUNTO DE ACCESO ADICIONAL DE MATERIA--TÉRMINO DE MATERIA
Término de materia o nombre geográfico como elemento de entrada Canciones con piano
9 (RLIN) 33475
650 #4 - PUNTO DE ACCESO ADICIONAL DE MATERIA--TÉRMINO DE MATERIA
Término de materia o nombre geográfico como elemento de entrada Músicos
9 (RLIN) 25963
700 #1 - PUNTO DE ACCESO ADICIONAL--NOMBRE DE PERSONA
Nombre de persona Vega, Alvaro,
Término indicativo de función/relación editor
9 (RLIN) 33476
700 #1 - PUNTO DE ACCESO ADICIONAL--NOMBRE DE PERSONA
Nombre de persona Martin, Enrique,
Término indicativo de función/relación editor
9 (RLIN) 33477
942 ## - ELEMENTOS DE PUNTO DE ACCESO ADICIONAL (KOHA)
Fuente del sistema de clasificación o colocación Library of Congress Classification
Tipo de ítem Koha Libros
Suprimir en OPAC 1
Holdings
Estado de retiro Estado de pérdida Fuente del sistema de clasificación o colocación Estado dañado No para préstamo Localización permanente Ubicación/localización actual Fecha de adquisición Total de préstamos Signatura topográfica completa Código de barras Fecha visto por última vez Número de copia Precio válido a partir de Tipo de ítem Koha
El ejemplar forma parte de la colección y puede ser consultado según las políticas vigentes.   Library of Congress Classification     Biblioteca de Diseño Museo Franz Mayer Biblioteca de Diseño Museo Franz Mayer 05/05/2026   ML420.C2546 G87 2006 BDIMFM000733 05/05/2026 Ej.1 05/05/2026 Libros